عرض عادي
عرض مارك
- شرادي، نادية
مدخل إسم شخص
001 - رقم الضبط
- حقل الضبط: 54269
003 - معرف رقم الضبط
- حقل الضبط: OSt
005 - تاريخ ووقت أخر عملية
- حقل الضبط: 20160505092923.0
008 - عناصر بيانات ثابتة الطول
- حقل تحكم ثابت الطول: 160505|| aca||aabn | a|a d
040 ## - مصدر الفهرسة
- هيئة الفهرسة الأصلية: OSt
- وكالة الكتابة: OSt
100 ## - مدخل -- أسم شخص
- إسم شخص: شرادي، نادية
670 ## - بيانات المصدر موجوده
- الاستشهاد بالمصدر: Work cat.: (OSt): شرادي، نادية, التكيف المدرسي للطفل والمراهق على ضوء التنظيم العقلي /, 2011
